NZ Cities Description -Extreme- - Statistics

General Stats
  • This quiz has been taken 20 times
  • The average score is 6 of 14
Answer Stats
Hint Answer % Correct
What Brits call Gumboots/Rainboots Wellington
94%
Is a popular broadway musical Hamilton
72%
This is the opposite of Kings City Queenstown
72%
This is an extremely Christian name also a similie of Orthodox_Cathredal Christchurch
67%
Famous South African politician Nelson
61%
Ban, 15th Letter of the Alphabet Oban
61%
Named after a city in England with a famous university Oxford
50%
This suburb of Lower Hutt, Wellington is the Anglicised Māori Version of Pito-One Petone
50%
This island is named after HMS C___H_M Chatham Island
39%
Named after a famous battle between Normandy and Wessex/England Hastings
28%
Named after a “Lord Protecter Of England” Cromwell
17%
This is named after a Native American name of a city in nebraska Omaha Flats/ Omaha
17%
English meaning of this Māori Places is nibble off Katikati
6%
This suburb shares a name of a beach and island in the chathams Waikawa, Nelson
0%
No matching quizzes found
Score Distribution
Percent of People with Each Score
Percentile by Number Answered
Your Score History
You have not taken this quiz